000 00256nam a2200109Ia 4500
008 190216s9999||||xx |||||||||||||| ||und||
100 _aAgarwal M L
245 0 _aTheory And Practice Of Cost Accounting
260 _bNull
_c1988
300 _a774p
942 _cBK
999 _c5302
_d5302